| 000 | 00386nam a2200145Ia 4500 | ||
|---|---|---|---|
| 008 | 220217s9999||||xx |||||||||||||| ||und|| | ||
| 020 | _a978-81-317-0533-9 | ||
| 082 | _a621.815 NOR | ||
| 100 | _aNorton, Robert, L | ||
| 245 | 0 | _aMachine design | |
| 250 | _a2nd | ||
| 260 |
_aPearson education of asia _bNew Delhi _c2000 |
||
| 300 |
_aXXV, 1078p. _b615 |
||
| 650 | _aMECHANICHAL | ||
| 999 |
_c179216 _d179216 |
||